Ciencia, valores y relativismo : (Record no. 135265)
[ view plain ]
| 000 -LEADER | |
|---|---|
| fixed length control field | 00599nam a22001817a 4500 |
| 005 - DATE AND TIME OF LATEST TRANSACTION | |
| control field | 20170628143818.0 |
| 008 - FIXED-LENGTH DATA ELEMENTS--GENERAL INFORMATION | |
| fixed length control field | 170628b sp||||| |||| 00| 0 spa d |
| 020 ## - INTERNATIONAL STANDARD BOOK NUMBER | |
| International Standard Book Number | 8484440346 |
| 050 04 - LIBRARY OF CONGRESS CALL NUMBER | |
| Classification number | Q175 |
| Item number | R63 2000 |
| 100 1# - MAIN ENTRY--PERSONAL NAME | |
| Personal name | Rodríguez Alcázar, F. Javier (Francisco Javier) |
| 245 10 - TITLE STATEMENT | |
| Title | Ciencia, valores y relativismo : |
| Remainder of title | Una defensa de la filosofía de la ciencia / |
| Statement of responsibility, etc | F Javier Rodríguez Alcázar |
| 250 ## - EDITION STATEMENT | |
| Edition statement | 1a ed. |
| 260 ## - PUBLICATION, DISTRIBUTION, ETC. (IMPRINT) | |
| Place of publication, distribution, etc | Granada, España : |
| Name of publisher, distributor, etc | Comares, |
| Date of publication, distribution, etc | 2000. |
| 300 ## - PHYSICAL DESCRIPTION | |
| Extent | 250 p. ; |
| Dimensions | 22 cm. |
| 490 #0 - SERIES STATEMENT | |
| Series statement | Filosofía Hoy, |
| Volume number/sequential designation | No 12 |
| 650 #4 - SUBJECT ADDED ENTRY--TOPICAL TERM | |
| Topical term or geographic name as entry element | Ciencia |
| General subdivision | Filosofía. |
| 942 ## - ADDED ENTRY ELEMENTS (KOHA) | |
| Source of classification or shelving scheme | Biblioteca del Cogreso de los Estados Unidos |
| Koha item type | Libro |
| Estado de pérdida | Fuente de clasificación | Estado del daño | No para préstamo | Ubicación permanente | Ubicación actual | Apartado o colección | Fecha de adquisición | Edición | Área del conocimiento | Clasificación | Código de Barras | Date last seen | Número de copia | Tipo de recurso |
|---|---|---|---|---|---|---|---|---|---|---|---|---|---|---|
| Biblioteca del Cogreso de los Estados Unidos | Biblioteca de la Facultad de Filosofía | Biblioteca de la Facultad de Filosofía | General | 28/06/2017 | 1a ed | Educación y Humanidades | Q175 R63 2000 | BFF000027884 | 28/06/2017 | 1 | Libro |